00625nam a22002051 450000100060000000300080000600500170001400800390003103500190007003500180008904000440010704100080015108200180015910000490017724500530022626000410027930000260032050400480034665000250039433822BD-RjUL20211209052050.0140511s1960 enk b 001 0 eng a(BD-RjUL)33914 a(OCoLC)912666 aDLCcOTUdOCoLCdODadDLCdBD-RjULbeng aeng a901bPOP 19601 aPopper, Karl R.q(Karl Raimund),d1902-1994.14aThe poverty of historicism /cby Karl R. Popper. aLondon :bRoutledge & Kegan,cc1960. axiv, 169 p. :c22 cm. aBibliographical footnotes & Includes index. 0aHistoryxPhilosophy.